ARRUPE JESUIT UNIVERSITY

CORONAVIRUS -STOP THE SPREAD - CLEAN,DISINFECT,COVER

Through Gasa land, and the scene of the Portuguese aggression. The journey of a hunter in search of gold and ivory. By Parker Gillmore ("Ubique") (Record no. 120190)

MARC details
000 -LEADER
fixed length control field 01196cam a22002773u 4500
001 - CONTROL NUMBER
control field 9278225
003 - CONTROL NUMBER IDENTIFIER
control field ARRUPE
005 - DATE AND TIME OF LATEST TRANSACTION
control field 20140310140300.0
006 - FIXED-LENGTH DATA ELEMENTS--ADDITIONAL MATERIAL CHARACTERISTICS--GENERAL INFORMATION
fixed length control field m d
007 - PHYSICAL DESCRIPTION FIXED FIELD--GENERAL INFORMATION
fixed length control field cr n
008 - FIXED-LENGTH DATA ELEMENTS--GENERAL INFORMATION
fixed length control field 120201s1890 ||||||||s|||||||| ||||| d
035 ## - SYSTEM CONTROL NUMBER
System control number (WaSeSS)ssib006425448
040 ## - CATALOGING SOURCE
Original cataloging agency WaSeSS
Transcribing agency WaSeSS
Modifying agency WaSeSS
050 ## - LIBRARY OF CONGRESS CALL NUMBER
Classification number SPC DT465.G2
Item number G4
300 ## - PHYSICAL DESCRIPTION
Dimensions 22cm.
100 1# - MAIN ENTRY--PERSONAL NAME
Personal name Gillmore, Parker.
9 (RLIN) 9046
210 10 - ABBREVIATED TITLE
Abbreviated title Through Gasa land, and the scene of the Portuguese aggression. The journey of a hunter in search of gold and ivory. By Parker Gillmore ("Ubique")
245 10 - TITLE STATEMENT
Title Through Gasa land, and the scene of the Portuguese aggression. The journey of a hunter in search of gold and ivory. By Parker Gillmore ("Ubique")
Medium [electronic resource] /
Statement of responsibility, etc Gillmore, Parker.
260 ## - PUBLICATION, DISTRIBUTION, ETC. (IMPRINT)
Place of publication, distribution, etc [S.l.] :
Name of publisher, distributor, etc [s.n.],
Date of publication, distribution, etc 1890.
300 ## - PHYSICAL DESCRIPTION
Extent xii, 349p.;
500 ## - GENERAL NOTE
General note Title from content provider.
506 ## - RESTRICTIONS ON ACCESS NOTE
Terms governing access License restrictions may limit access.
773 #0 - HOST ITEM ENTRY
Title Biodiversity Heritage Library
856 40 - ELECTRONIC LOCATION AND ACCESS
Uniform Resource Identifier <a href="http://www.columbia.edu/cgi-bin/cul/resolve?clio9278225">http://www.columbia.edu/cgi-bin/cul/resolve?clio9278225</a>
Public note Full text available from Biodiversity Heritage Library
910 ## - USER-OPTION DATA (OCLC)
User-option data Serials Solutions supplemental brief record
942 ## - ADDED ENTRY ELEMENTS (KOHA)
Source of classification or shelving scheme Library of Congress Classification
Koha item type Monograph ( Printed materials)
Holdings
Withdrawn status Lost status Source of classification or shelving scheme Damaged status Not for loan Collection code Home library Current library Shelving location Date acquired Total Checkouts Full call number Barcode Date last seen Copy number Price effective from Koha item type
    Library of Congress Classification     Main Collection ARRUPE LIBRARY ARRUPE LIBRARY Main Collection 10/03/2014   SPC DT465.G2 G4 46500001981 05/07/2018 1 10/03/2014 Monograph ( Printed materials)

 

Arrupe Library. PO Box MP320 Mt Pleasant, Harare, Zimbabwe
263 242 745411|librarian@aju.ac.zw